Geografía de Colombia / (Registro nro. 4207)
[ vista simple ]
| 000 -LEADER | |
|---|---|
| fixed length control field | 01019nam a2200241Ia 4500 |
| 003 - CONTROL NUMBER IDENTIFIER | |
| control field | OSt |
| 005 - DATE AND TIME OF LATEST TRANSACTION | |
| control field | 20210107092155.0 |
| 008 - FIXED-LENGTH DATA ELEMENTS--GENERAL INFORMATION | |
| fixed length control field | 191128s2011 ck aodbgr 000 0 spa d |
| 020 ## - INTERNATIONAL STANDARD BOOK NUMBER | |
| International Standard Book Number | 9789588323381 |
| 040 ## - CATALOGING SOURCE | |
| Original cataloging agency | CO-JMCR |
| Transcribing agency | CO-JMCR |
| 041 0# - LANGUAGE CODE | |
| Language code of text/sound track or separate title | spa |
| 082 04 - DEWEY DECIMAL CLASSIFICATION NUMBER | |
| Classification number | 918.61 / |
| Item number | I597g |
| Edition number | 23 |
| 110 2# - MAIN ENTRY--CORPORATE NAME | |
| Corporate name or jurisdiction name as entry element | Instituto Geográfico Agustín Codazzi |
| 9 (RLIN) | 424 |
| 245 10 - TITLE STATEMENT | |
| Title | Geografía de Colombia / |
| Statement of responsibility, etc. | Instituto Geográfico Agustín Codazzi |
| 250 ## - EDITION STATEMENT | |
| Edition statement | Primera edición |
| 260 ## - PUBLICATION, DISTRIBUTION, ETC. | |
| Place of publication, distribution, etc. | Bogotá : |
| Name of publisher, distributor, etc. | Instituto Geográfico Agustín Codazzi, |
| Date of publication, distribution, etc. | 2011 |
| 300 ## - PHYSICAL DESCRIPTION | |
| Extent | xxi, 365 páginas : |
| Other physical details | ilustraciones, fotografías, gráficos y mapas ; |
| Dimensions | 27 cm. |
| 504 ## - BIBLIOGRAPHY, ETC. NOTE | |
| Bibliography, etc. note | Bibliografía: páginas 351-365 |
| 505 0# - FORMATTED CONTENTS NOTE | |
| Formatted contents note | La geografía en Colombia: Desarrollo y perspectivas -- Conformación Físico-Biótico del territorio -- Ocupación y apropiación del territorio -- Estado Nación Colombiano y geopolítica regional y global |
| 650 14 - SUBJECT ADDED ENTRY--TOPICAL TERM | |
| Topical term or geographic name entry element | Geografía |
| 9 (RLIN) | 238 |
| Form subdivision | historia |
| Geographic subdivision | Colombia |
| 650 14 - SUBJECT ADDED ENTRY--TOPICAL TERM | |
| Topical term or geographic name entry element | Colombia |
| Form subdivision | descripciones y viajes |
| 9 (RLIN) | 239 |
| 942 ## - ADDED ENTRY ELEMENTS (KOHA) | |
| Source of classification or shelving scheme | Dewey Decimal Classification |
| Koha item type | Books |
| Withdrawn status | Lost status | Source of classification or shelving scheme | Damaged status | Not for loan | Collection code | Home library | Current library | Date acquired | Source of acquisition | Total Checkouts | Full call number | Barcode | Date last seen | Date last checked out | Copy number | Koha item type |
|---|---|---|---|---|---|---|---|---|---|---|---|---|---|---|---|---|
| Dewey Decimal Classification | Non-fiction | Biblioteca Pública José María del Castillo y Rada | Biblioteca Pública José María del Castillo y Rada | 08/24/2018 | Donación | 8 | 918.61 / I597g | 201809033 | 11/26/2024 | 11/25/2024 | Ej.1 | Books | ||||
| Dewey Decimal Classification | Non-fiction | Biblioteca Pública José María del Castillo y Rada | Biblioteca Pública José María del Castillo y Rada | 02/07/2020 | Donación | 7 | 918.61 / I597g | 201809847 | 12/04/2024 | 12/04/2024 | Ej.2 | Books |